000 00465nam a2200181Ia 4500
001 11085
005 20260306161920.0
008 260306t1990||||xx |||||||||||||| ||spa||
041 _aESP
082 _a985.004
_bP77
100 _aPontificia Universidad Católica del Perú
_eAUT
245 0 _aPresencia y aporte de Alberto Flores Galindo
260 _c1990
300 _a62 páginas :
_c20 cm.
650 _aGEN
654 _aCHU
942 _cLIB
_dJUS
_fJUS
_2ddc
_n
999 _c11085
_d11085